Clinical pocket guide for health & physical assessment in nursing / (Record no. 11622)

MARC details
000 -LEADER
fixed length control field 00816nam a22002292 4500
001 - CONTROL NUMBER
control field 0000025135
005 - DATE AND TIME OF LATEST TRANSACTION
control field 20151217154515.0
008 - FIXED-LENGTH DATA ELEMENTS--GENERAL INFORMATION
fixed length control field 150115s xx 000 0 eng d
020 ## - INTERNATIONAL STANDARD BOOK NUMBER
International Standard Book Number 0135114705 :
040 ## - CATALOGING SOURCE
Original cataloging agency KABU
Transcribing agency KABU
100 1# - MAIN ENTRY--PERSONAL NAME
Personal name Barbarito, Colleen.
-- 0000185553
245 10 - TITLE STATEMENT
Title Clinical pocket guide for health & physical assessment in nursing /
Statement of responsibility, etc. by Colleen Barbarito and Donita D'Amicao.
250 ## - EDITION STATEMENT
Edition statement 2nd ed.
260 ## - PUBLICATION, DISTRIBUTION, ETC. (IMPRINT)
Place of publication, distribution, etc. Upper Saddle River, NJ :
Name of publisher, distributor, etc. Pearson education,
Date of publication, distribution, etc. 2012.
300 ## - PHYSICAL DESCRIPTION
Extent vii, 328 p.
650 #0 - SUBJECT ADDED ENTRY--TOPICAL TERM
Topical term or geographic name as entry element Nursing assessment
Form subdivision Handbooks, manuals, etc.
-- 0000185554
650 #0 - SUBJECT ADDED ENTRY--TOPICAL TERM
Topical term or geographic name as entry element Physical diagnosis
Form subdivision Handbooks, manuals, etc.
-- 0000183280
700 1# - ADDED ENTRY--PERSONAL NAME
Personal name D'Amico, Donita.
-- 0000185555
852 1# - LOCATION
-- p4384 KES
908 ## - PUT COMMAND PARAMETER (RLIN)
Put command parameter 150115
950 ## - LOCAL HOLDINGS (RLIN)
-- 1
Holdings
Withdrawn status Lost status Source of classification or shelving scheme Not for loan Home library Current library Date acquired Total Checkouts Total Renewals Full call number Barcode Date last seen Date last checked out Price effective from Koha item type
    Library of Congress Classification   Kabarak, Main Campus Kabarak, Main Campus 17/12/2015 16 1 RT48 .B37 2012 c. 1 016839 14/07/2025 28/06/2025 17/12/2015 General Collection
Designed with assistance from East African Informatics Ltd